Conquering organizational change : how to succeed where most companies fail (Record no. 171201)
[ view plain ]
| 000 -LEADER | |
|---|---|
| fixed length control field | 00456nam a2200145Ia 4500 |
| 008 - FIXED-LENGTH DATA ELEMENTS--GENERAL INFORMATION | |
| fixed length control field | 231217s9999 xx 000 0 und d |
| 041 ## - LANGUAGE CODE | |
| Language code of text/sound track or separate title | English |
| 082 ## - DEWEY DECIMAL CLASSIFICATION NUMBER | |
| Classification number | 658.3 MOU;1 R |
| 100 ## - MAIN ENTRY--PERSONAL NAME | |
| Personal name | Mourier,Pierre Smith, Martin |
| 245 #0 - TITLE STATEMENT | |
| Title | Conquering organizational change : how to succeed where most companies fail |
| 260 ## - PUBLICATION, DISTRIBUTION, ETC. | |
| Date of publication, distribution, etc. | 2004 |
| Name of publisher, distributor, etc. | Jaico |
| Place of publication, distribution, etc. | Mumbai |
| 300 ## - PHYSICAL DESCRIPTION | |
| Extent | 210 |
| 650 ## - SUBJECT ADDED ENTRY--TOPICAL TERM | |
| Topical term or geographic name entry element | Conquering,organizational,:,succeed,where,most,companies,fail |
| 942 ## - ADDED ENTRY ELEMENTS (KOHA) | |
| Koha item type | Books |
| Date last seen | Total checkouts | Full call number | Accession number | Cost, total (INR) price | Price effective from | Category | Lost status | Damaged status | Department | Withdrawn status | Home library | Current library | Shelving location | Entry date | Vendor | Cost, normal purchase price | Grants | Billnumber | Billdate | Currency symbol | Conversion rate | Discount | Old discount |
|---|---|---|---|---|---|---|---|---|---|---|---|---|---|---|---|---|---|---|---|---|---|---|---|
| 26/01/2024 | 658.3 MOU;1 R | 26393 | 636.00 | 26/01/2024 | Books | Central Library | Central Library | Central Library | Central Library | 06/03/2004 | LBPD- L.B. Publishers & Distributors Pvt. Ltd. | 795.00 | MBA | 4/36873 | 01/01/2015 | RS | 1 | 159 | 20 |
